000 00899nam a22002417a 4500
999 _c18993
_d18993
003 AR-CdUCM
008 190516b ||||| |||| 00| 0 spa d
040 _aMUNICIPALIDAD PROVINCIAL DEL CUSCO
_cBIBLIOTECA MUNICIPAL DEL CUSCO
082 _a327.85 /
_bW16
100 _aWagner De Reyna, Alberto
_91273
245 _aHistoria diplomática del Perú :
_b1900 - 1945 /
260 _aLima :
_bPeruanas,
_c1964.
300 _a449 páginas ;
_c25 cm.
440 _aAcademia diplomatica del Peru
_939997
505 _aContenido : Liga de naciones -- Entrevista Benavides - López -- La conferencia del rio de Janeiro -- t.2: Ecuador -- Colombia -- Brasil.
650 _aHistoria del Peru
_9259
650 _aEcuador
_910121
650 _aCancillería de Lima
_939998
650 _aLa escena continental
_939999
700 _aUlloa, D. Alberto (prologo)
_940000
942 _2ddc
_cLIBROS
945 _arcc